[Event "TCh-SLO"]
[Site "Murska Sobota SLO"]
[Date "2008.12.07"]
[Round "2"]
[White "Grilc,A"]
[Black "Lazar,Ales ML"]
[Result "0-1"]
[WhiteElo "2120"]
[BlackElo "2289"]

1.e4 c5 2.Nf3 e6 3.d4 cxd4 4.Nxd4 Nc6 5.Nc3 Qc7 6.Be3 a6 7.Bd3 Nf6 8.O-O Ne5
9.h3 Bc5 10.Kh1 d6 11.f4 Ng6 12.Qf3 Bd7 13.Rae1 O-O 14.f5 Ne5 15.Qg3 Kh8
16.Qh4 Qb6 17.Nce2 Nxd3 18.cxd3 e5 19.Bg5 exd4 20.Bxf6 d5 21.Be7 Bxe7 22.Qxe7 Bb5
23.Nf4 dxe4 24.Rxe4 Rfe8 25.Qb4 Rxe4 26.dxe4 Qc7 27.Rf3 Qe5 28.Qb3 Kg8 29.Qd5 Re8
30.Qxb7 Qxe4 31.Qxe4 Rxe4 32.Kg1 Kf8 33.Kf2 Ke7 34.b3 g5 35.fxg6 hxg6 36.Nd3 g5
37.Nf4 a5 38.Nd3 Bc6 39.a4 Rf4 40.Nxf4 Kd6 41.Nd3 Be4 42.Nc1 Kc5 43.Ke2  0-1

[Event "75th ch-BRA"]
[Site "Porto Alegre BRA"]
[Date "2008.12.07"]
[Round "1"]
[White "Bittencourt,J"]
[Black "Gattas,A"]
[Result "1-0"]
[WhiteElo "2455"]
[BlackElo "2223"]

1.e4 c5 2.Nf3 e6 3.d4 cxd4 4.Nxd4 Nc6 5.Nc3 a6 6.Nxc6 bxc6 7.Bd3 d5 8.O-O Bd6
9.f4 Ne7 10.e5 Bc5+ 11.Kh1 O-O 12.b3 Qc7 13.Na4 Ba7 14.c4 c5 15.Qc2 g6 16.Be3 d4
17.Bd2 Bd7 18.Nb2 Bc6 19.Be4 Rad8 20.Rae1 Bb6 21.Bxc6 Qxc6 22.Qe4 Qxe4 23.Rxe4 Rd7
24.Nd3 Rc8 25.Kg1 h5 26.Kf2 Nf5 27.Rb1 Bd8 28.Ree1 Kg7 29.Rec1 a5 30.g3 Ra7
31.a3 Rb7 32.Rb2 Kf8 33.Kf3 Ke8 34.h3 Ra7 35.g4 Ng7 36.Ke4 f5+ 37.exf6 Bxf6
38.Rcb1 a4 39.b4 cxb4 40.Rxb4 Be7 41.Rb8 Rc7 42.c5 hxg4 43.hxg4 Kf7 44.Rxc8 Rxc8
45.Rb7 Kf8 46.Bb4 Ne8 47.Ne5 Nf6+ 48.Kxd4 Nd5 49.Nxg6+ Ke8 50.Nxe7 Nxe7 51.Ke5 Ng6+
52.Ke4  1-0

[Event "VII Pereyra Puebla Mem"]
[Site "Mendoza ARG"]
[Date "2008.12.08"]
[Round "5"]
[White "Real de Azua,E"]
[Black "Salguero,F"]
[Result "1/2-1/2"]
[WhiteElo "2413"]
[BlackElo "2336"]

1.e4 c5 2.Nf3 Nc6 3.Nc3 e6 4.d4 cxd4 5.Nxd4 Nf6 6.Nxc6 bxc6 7.e5 Nd5 8.Ne4 Qa5+
9.c3 f5 10.exf6 Nxf6 11.Nxf6+ gxf6 12.Be2 Ba6 13.O-O Bxe2 14.Qxe2 Bd6 15.Be3 Qe5
16.f4 Qf5 17.Rad1 Be7 18.Qa6 Qb5 19.Qxb5 cxb5 20.f5 a6 21.Rf4 e5 22.Rg4 d6
23.Kf2  1/2-1/2

[Event "ch-RUS w Superfinal"]
[Site "Moscow RUS"]
[Date "2008.12.08"]
[Round "4"]
[White "Kosintseva,T"]
[Black "Stepovaia,T"]
[Result "1-0"]
[WhiteElo "2513"]
[BlackElo "2386"]

1.e4 c5 2.Nf3 e6 3.d4 cxd4 4.Nxd4 Nc6 5.Nc3 Qc7 6.Be3 a6 7.Qd2 Nf6 8.O-O-O Ne5
9.f4 Neg4 10.e5 Nxe3 11.Qxe3 Ng4 12.Qf3 f5 13.h3 Nh6 14.g4 Bc5 15.gxf5 Bxd4
16.Qh5+ Kf8 17.Rxd4 Nxf5 18.Rd3 b5 19.Bg2 Bb7 20.Bxb7 Qxb7 21.Rhd1 Rd8 22.Ne2 g6
23.Qg5 Ke8 24.h4 Qe4 25.Nd4 Nxd4 26.Rxd4 Qe3+ 27.Kb1 Rf8 28.Rd6 Qh3 29.Rxa6 Kf7
30.Rad6 Kg8 31.a3 Qf3 32.R1d4 Qf1+ 33.Ka2 Qe2 34.c3 Rfe8 35.f5 exf5 36.e6 Qe5
37.exd7 Rf8 38.h5 Kg7 39.hxg6 h6 40.Qh5 Rf6 41.Rxf6 Qxf6 42.Qe2 Kxg6 43.Qxb5 f4
44.Qd3+ Kg7 45.Rd6 Qf7+ 46.Ka1 f3 47.Qe3  1-0

[Event "III Open"]
[Site "Palma de Mallorca ESP"]
[Date "2008.12.08"]
[Round "3"]
[White "Libiszewski,F"]
[Black "Roos,M GER"]
[Result "1/2-1/2"]
[WhiteElo "2487"]
[BlackElo "2367"]

1.e4 c5 2.Nf3 e6 3.d4 cxd4 4.Nxd4 Nc6 5.Nc3 Qc7 6.Be2 Nf6 7.O-O Be7 8.Ndb5 Qb8
9.f4 d6 10.b3 O-O 11.Kh1 Rd8 12.Bb2 b6 13.Bf3 Bb7 14.Nd4 Nxd4 15.Qxd4 Bc6
16.Rae1 Bf8  1/2-1/2

[Event "75th ch-BRA"]
[Site "Porto Alegre BRA"]
[Date "2008.12.08"]
[Round "2"]
[White "Gattas,A"]
[Black "Leitao,R"]
[Result "0-1"]
[WhiteElo "2223"]
[BlackElo "2590"]

1.e4 c5 2.Nf3 Nc6 3.d4 cxd4 4.Nxd4 e6 5.Nc3 Qc7 6.Ndb5 Qb8 7.g3 a6 8.Nd4 d6
9.Bg2 Bd7 10.Be3 Qc7 11.Qe2 Nf6 12.h3 Be7 13.g4 h6 14.Nxc6 Bxc6 15.a4 Rc8
16.a5 d5 17.exd5 Nxd5 18.Nxd5 Bxd5 19.Bxd5 exd5 20.c3 O-O 21.Qd3 Bc5 22.O-O Bxe3
23.Qxe3 Rfe8 24.Qf3 Re4 25.Rfd1 Qc6 26.Rd3 Rce8 27.Rad1 R8e5 28.Kg2 Qe6 29.c4 Rxc4
30.Rxd5 Rxd5 31.Qxd5 Qxd5+ 32.Rxd5 Rb4 33.Rd7 Rxb2 34.Rc7 g6 35.Rd7 Kg7 36.Rc7 Kf6
37.Kg3 Ke6 38.Kg2 Rb3 39.Kh2 h5 40.Kg2 hxg4 41.hxg4 f5 42.gxf5+ gxf5  0-1

[Event "68th ch-ITA"]
[Site "Martina Franca ITA"]
[Date "2008.12.09"]
[Round "7"]
[White "Shytaj,L"]
[Black "Rombaldoni,D"]
[Result "1-0"]
[WhiteElo "2472"]
[BlackElo "2436"]

1.e4 c5 2.Nf3 e6 3.d4 cxd4 4.Nxd4 Nc6 5.Nc3 a6 6.Be3 Nf6 7.Bd3 Qc7 8.O-O Nxd4
9.Bxd4 Bc5 10.Bxc5 Qxc5 11.Kh1 d6 12.Qe1 h5 13.f4 h4 14.h3 Bd7 15.Rb1 Rc8
16.Rf3 b5 17.e5 Bc6 18.exf6 Bxf3 19.gxf3 Qh5 20.Qe3 gxf6 21.Ne4 Ke7 22.Kh2 Qh6
23.Nf2 Rc5 24.b4 Rc7 25.Rg1 Rhc8 26.Rg2 d5 27.Ng4 Qh8 28.Re2 Kd6 29.Qd4 f5
30.Ne5 Ke7 31.Bxf5 Qf6 32.Bd3 Rg8 33.f5 Qg7 34.Qxh4+ Kd6 35.Ng4 exf5 36.Bxf5 Kc6
37.Qf6+ Qxf6 38.Nxf6 Rd8 39.h4 Kb6 40.Bd3 Rc6 41.Ng4  1-0

[Event "75th ch-BRA"]
[Site "Porto Alegre BRA"]
[Date "2008.12.09"]
[Round "4"]
[White "Bittencourt,J"]
[Black "Leitao,R"]
[Result "1/2-1/2"]
[WhiteElo "2455"]
[BlackElo "2590"]

1.e4 c5 2.Nf3 Nc6 3.d4 cxd4 4.Nxd4 e6 5.Nc3 Qc7 6.g3 a6 7.Bg2 d6 8.O-O Bd7
9.Re1 Be7 10.Nxc6 Bxc6 11.a4 Nf6 12.a5 O-O 13.Be3 Nd7 14.Na4 Rae8 15.Nb6 f5
16.Nxd7 Qxd7 17.Qd3 fxe4 18.Bxe4 Bxe4  1/2-1/2

[Event "ch-RUS w Superfinal"]
[Site "Moscow RUS"]
[Date "2008.12.11"]
[Round "6"]
[White "Shadrina,T"]
[Black "Stepovaia,T"]
[Result "1-0"]
[WhiteElo "2429"]
[BlackElo "2386"]

1.e4 c5 2.Nf3 e6 3.d4 cxd4 4.Nxd4 Nc6 5.Nc3 Qc7 6.Be2 a6 7.Be3 b5 8.O-O Bb7
9.Nb3 Ne5 10.Qd4 Nf6 11.Bf4 d6 12.Rad1 Be7 13.a4 bxa4 14.Qxa4+ Bc6 15.Qa5 Qb8
16.f3 O-O 17.Be3 Bd8 18.Qa3 Bc7 19.h3 Ng6 20.Na5 Bb5 21.Nc4 Rd8 22.Bg5 Bxc4
23.Bxc4 Bb6+ 24.Kh1 Rc8 25.Bb3 Rxc3 26.bxc3 Bc5 27.Qa5 Nh5 28.Rfe1 Bb6 29.Qb4 a5
30.Qa4 Ng3+ 31.Kh2 d5 32.e5 Nf5 33.g4 Nxe5 34.Kg2 Nxf3 35.Kxf3 Qg3+ 36.Ke2 Ne3
37.Rd2 Qxh3 38.Bxe3 Qxe3+ 39.Kd1 Qf3+ 40.Rde2 Qxc3 41.Rf1 Rf8 42.Rd2 Qh3
43.Qf4 Qc3 44.Rd3 Qb2 45.g5 g6 46.Rh3 Bd8 47.Rhf3 Be7 48.Ke2 Bc5 49.Rd3 Be7
50.Qe3 Bd8 51.Kf3 Be7 52.Kg2 Bd8 53.Qf4 Be7 54.Rdf3 Bd8 55.Kh1 Be7 56.Qc7 Qa3
57.Bxd5 Qb4 58.Bc4 Bd6 59.c3 Qa3 60.Qc6 Kg7 61.Qd7  1-0

[Event "FSGM December"]
[Site "Budapest HUN"]
[Date "2008.12.12"]
[Round "7"]
[White "Rohit,G"]
[Black "Matsenko,S"]
[Result "1/2-1/2"]
[WhiteElo "2457"]
[BlackElo "2447"]

1.e4 c5 2.Nf3 e6 3.d4 cxd4 4.Nxd4 Nc6 5.Nc3 Qc7 6.Be3 a6 7.Qd2 Nf6 8.f3 b5
9.g4 h6 10.Nxc6 Qxc6 11.O-O-O Bb7 12.Bd3 b4 13.Ne2 Qc7 14.Kb1 d5 15.exd5 Nxd5
16.Nf4 Bc5 17.Bxc5 Qxc5 18.Be4 Rd8 19.Nd3 Qc4 20.Nxb4 O-O 21.Nxd5 Bxd5 22.b3 Qc7
23.Qe2 Bxe4 24.Qxe4 Rxd1+ 25.Rxd1 Qxh2 26.Rd7 h5 27.gxh5 Qxh5 28.a4 Rc8 29.Ra7 Qa5
30.Ra8 Rxa8 31.Qxa8+ Kh7 32.Qe4+ g6 33.Kb2 Kg7 34.Qc6 Kf6 35.c3 Qd5 36.Qxd5 exd5
37.b4 Ke5 38.Kc2 g5 39.Kd3 f5 40.Ke3 Ke6 41.Kd4 Kd6 42.a5 f4 43.Kd3 Kc6 44.Ke2 Kb5
45.Kd3 Kc6  1/2-1/2

[Event "TCh-ISR 2008-9"]
[Site "Israel ISR"]
[Date "2008.12.12"]
[Round "1"]
[White "Baron,Ta"]
[Black "Katzir,M"]
[Result "1-0"]
[WhiteElo "2299"]
[BlackElo "2279"]

1.e4 c5 2.Nf3 e6 3.d4 cxd4 4.Nxd4 Nc6 5.Nc3 Qc7 6.Be2 a6 7.O-O Nf6 8.Be3 Bb4
9.Na4 d5 10.Nxc6 bxc6 11.Nb6 Rb8 12.Nxc8 Qxc8 13.e5 Nd7 14.f4 Be7 15.b3 c5
16.c4 d4 17.Bd2 O-O 18.Bd3 f5 19.exf6 Nxf6 20.Qf3 Bd6 21.Rae1 Qd7 22.Re2 Rbe8
23.Rfe1 Re7 24.a3 g6 25.b4 Rfe8 26.Qg3 Nh5 27.Qg5 Qc7 28.g3 Ng7 29.Qg4 Qb8
30.Rb1 Qc8 31.Qf3 Rf8 32.Rc1 Kh8 33.b5 e5 34.Qd5 Rd8 35.Ba5 Rdd7 36.Qc6 Qf8
37.fxe5 Bb8 38.Rf1 Qe8 39.Ref2 Ne6 40.bxa6 Bxe5 41.Re1 Ng5 42.Rfe2 Kg7 43.Kg2 Nf7
44.Qxc5 Qa8+ 45.Be4 Qxa6 46.Bc6 Rc7 47.Bxc7  1-0

[Event "Bundesliga 2008-9"]
[Site "Katernberg GER"]
[Date "2008.12.12"]
[Round "7"]
[White "Landa,K"]
[Black "Chuchelov,V"]
[Result "1/2-1/2"]
[WhiteElo "2613"]
[BlackElo "2575"]

1.e4 c5 2.Nf3 e6 3.d4 cxd4 4.Nxd4 Nc6 5.Nc3 Qc7 6.Be3 a6 7.Qd2 Nf6 8.O-O-O Bb4
9.f3 Ne5 10.Nb3 b5 11.Qd4 Nc6 12.Qb6 Qxb6 13.Bxb6 Bxc3 14.bxc3 d5 15.Bd3 dxe4
16.Bxe4 Nxe4 17.fxe4 O-O 18.Rhe1 f6 19.Rd6 Ne5 20.Na5 Nf7 21.Rc6 e5 22.c4 bxc4
23.h3 Re8 24.Rxc4 Be6 25.Rb4 Rec8 26.Kb2 Nd6 27.Rd1 Nc4+ 28.Nxc4 Bxc4 29.Ba5 Rab8
30.a4 Rxb4+ 31.Bxb4 Kf7 32.h4 Ke8 33.Rd2 h5 34.g3 Bf1 35.Kb3 Bc4+ 36.Kb2 Bf7
37.Rd6 Rc4 38.Rb6 Rxe4 39.Rb8+ Kd7 40.Bf8 Kc7 41.Ra8 Bd5 42.Rxa6 Rg4 43.a5 Rxg3
44.Ra7+ Kd8 45.a6 Rg4 46.Bxg7 Rb4+ 47.Kc3 Rc4+ 48.Kd2 Rc6 49.Ke3 Rc3+ 50.Kd2 Rc6
51.Ke3 Ke8 52.Bh8 Re6 53.Rh7 Rxa6 54.Rxh5 Ra3+ 55.Kd2 Kf7 56.Rf5 Rf3 57.Rxf3 Bxf3
58.Ke3 Bg4 59.c3 Ke6 60.Bg7 f5 61.Bh6 Kd5 62.Bg5 Bh5 63.Bh6 Be8 64.Bg5 Bh5
65.Bh6 Be8 66.Bg5 Kc4 67.Bh6 Bc6 68.Bf4 exf4+ 69.Kxf4 Be8 70.Kxf5 Kxc3 71.Kg5 Kd4
72.h5 Bxh5 73.Kxh5  1/2-1/2

[Event "III Open"]
[Site "Palma de Mallorca ESP"]
[Date "2008.12.12"]
[Round "7"]
[White "Karim,I"]
[Black "Pogorelov,R"]
[Result "1/2-1/2"]
[WhiteElo "2392"]
[BlackElo "2441"]

1.e4 c5 2.Nf3 e6 3.d4 cxd4 4.Nxd4 Nc6 5.Nc3 Qc7 6.Be3 a6 7.Bd3 Nf6 8.O-O Nxd4
9.Bxd4 Bc5 10.Bxc5 Qxc5 11.Na4 Qc7 12.c4 d6 13.Nc3 b6 14.Rc1 O-O 15.Qe2 Bb7
16.b3 Rac8 17.Qb2 Qb8 18.Rfd1 Rfd8 19.Qe2 Bc6 20.h3 Qa8 21.Rc2 h6 22.Rcc1  1/2-1/2

[Event "75th ch-BRA"]
[Site "Porto Alegre BRA"]
[Date "2008.12.12"]
[Round "7"]
[White "Mekhitarian,K"]
[Black "Di Berardino,D"]
[Result "1/2-1/2"]
[WhiteElo "2511"]
[BlackElo "2502"]

1.e4 c5 2.Nf3 e6 3.d4 cxd4 4.Nxd4 Nc6 5.Nc3 a6 6.Nxc6 bxc6 7.Bd3 d5 8.O-O Nf6
9.Qe2 Be7 10.b3 O-O 11.Bb2 Bb7 12.Rad1 Qc7 13.Na4 Rfe8 14.e5 Nd7 15.c4 g6
16.f4 Nc5 17.Nxc5 Bxc5+ 18.Kh1 a5 19.Rf3 a4 20.Rh3 axb3 21.axb3 Bf8 22.cxd5 cxd5
23.Bd4 Qe7 24.Qf2 Ba6 25.Bb1 Reb8 26.g4 Rb4 27.f5 Qg5 28.Rg1 Bb7 29.Rf3 Bh6
30.h4 Qd2 31.Qxd2 Bxd2 32.Rd3 Be3 33.Bxe3 d4+ 34.Kh2 dxe3 35.fxe6 fxe6 36.Rxe3 Rf8
37.Kh3 Bd5 38.Bc2  1/2-1/2

[Event "Bundesliga 2008-9"]
[Site "Eppingen GER"]
[Date "2008.12.13"]
[Round "8"]
[White "Schilow,W"]
[Black "Bindrich,F"]
[Result "0-1"]
[WhiteElo "2410"]
[BlackElo "2517"]

1.e4 c5 2.Nf3 e6 3.Nc3 Nc6 4.d4 cxd4 5.Nxd4 d6 6.f4 Nf6 7.Nf3 Be7 8.Bd3 a6
9.O-O b5 10.Qe1 Bb7 11.e5 dxe5 12.fxe5 Nd7 13.Qg3 Ndxe5 14.Nxe5 Qd4+ 15.Kh1 Nxe5
16.Be2 Ng6 17.Be3 Qd6 18.Qf2 O-O 19.Rad1 Qc7 20.Bd3 f5 21.Ne2 Nh4 22.Rg1 e5
23.c4 b4 24.Bb6 Qc6 25.c5 Qe6 26.b3 Bd5 27.Bc4 Bxc4 28.bxc4 f4 29.Rge1 Qxc4
30.Ng1 e4 31.Qe2 Qxe2 32.Rxe2 e3 33.g3 fxg3 34.hxg3 Nf5 35.Kg2 Rac8 36.Rd5 Rc6
37.Rc2 a5 38.Bxa5 e2 39.Rxe2 Rxc5 40.Rxc5 Bxc5 41.Bc7 Ne3+ 42.Kh2 g5 43.Nh3 h6
44.Ng1 Rf7 45.Ba5 Nc4 46.Bd8 Ne3 47.Ba5 Kh7 48.Nh3 Kg6 49.Rb2 Rb7 50.Nf2 Rb5
51.Bc7 Bd4 52.Re2 Nd5 53.Bd6 Nc3 54.Rc2 Nxa2 55.Rxa2 b3 56.Ra6 Bxf2 57.Be5+ Rb6
58.Ra1 Kf5 59.Bb2 Kg4 60.Ra4+ Kf3 61.g4 Be3 62.Kh3 Ke2 63.Rc4 Bd2 64.Kg2 Rb4  0-1

[Event "XXI Carlos Torre"]
[Site "Merida MEX"]
[Date "2008.12.13"]
[Round "1"]
[White "Cabrera Trujillo,J"]
[Black "Zarate Manjarrez,A"]
[Result "1/2-1/2"]
[WhiteElo "2438"]
[BlackElo "2084"]

1.e4 c5 2.Nf3 Nc6 3.Nc3 e6 4.d4 cxd4 5.Nxd4 Nf6 6.Ndb5 d6 7.Bf4 e5 8.Bg5 a6
9.Na3 Be6 10.Nc4 Rc8 11.Bxf6 gxf6 12.Ne3 Nd4 13.Bd3 Qa5 14.O-O Rxc3 15.bxc3 Qxc3
16.Qe1 Qa3 17.c3 Rg8 18.Qc1 Qxc1 19.Rfxc1 Nc6 20.Rcb1 Na5 21.Nd5 Be7 22.Bxa6 Bxd5
23.exd5 bxa6 24.Rb8+ Bd8 25.Ra8 Kd7 26.Rb1 Rg4 27.Rb4 Rc4 28.Rxc4 Nxc4 29.Rxa6 Nb6
30.Ra5 Kc8 31.Kf1 Kb7 32.Ke2 f5 33.f3 Nd7 34.Rb5+ Ka6 35.Rb4 f4 36.g3 fxg3
37.hxg3 f5 38.Rc4 Nc5 39.Rb4 Nd7 40.Rb1 Nf6 41.Rb8 Be7 42.c4 Ka7 43.Rb1 Bd8
44.a3 Bb6 45.a4 e4 46.Rh1 h5 47.fxe4 fxe4 48.Rf1 Bd4 49.Rb1 Ka6 50.Rb5 Be5
51.c5  1/2-1/2

[Event "XXI Carlos Torre"]
[Site "Merida MEX"]
[Date "2008.12.13"]
[Round "1"]
[White "Mercado Garcia,F"]
[Black "Zapata,Alo"]
[Result "0-1"]
[WhiteElo "2147"]
[BlackElo "2501"]

1.e4 c5 2.Nf3 e6 3.d4 cxd4 4.Nxd4 Nc6 5.Nc3 Qc7 6.Be3 Nf6 7.f4 Bb4 8.Nb5 Qa5
9.a3 Bxc3+ 10.Nxc3 Nxe4 11.Bd4 O-O 12.b4 Qf5 13.Bd3 Nxd4 14.Bxe4 Qf6 15.Qd3 g6
16.Rd1 Nf5 17.Bxf5 gxf5 18.O-O d5 19.Nb5 Bd7 20.Nd4 Rfc8 21.Rf3 Rc4 22.Rg3+ Kh8
23.c3 a5 24.Qf3 axb4 25.axb4 Ra3 26.Ne2 Ba4 27.Rf1 Bb5 28.Rh3 Rc8 29.Rc1 Bxe2
30.Qxe2 Raxc3 31.Rhxc3 Rxc3 32.Ra1 Qd4+ 33.Kh1 Qxf4 34.h3  0-1

[Event "XXI Carlos Torre"]
[Site "Merida MEX"]
[Date "2008.12.13"]
[Round "1"]
[White "Altamirano Gonzalez,Y"]
[Black "Cordova,Em"]
[Result "0-1"]
[WhiteElo "2152"]
[BlackElo "2533"]

1.e4 c5 2.Nf3 e6 3.d4 cxd4 4.Nxd4 Nc6 5.Nc3 Qc7 6.g3 a6 7.Bg2 Nf6 8.O-O Be7
9.a4 O-O 10.Nb3 d6 11.f4 Rb8 12.Qe2 Bd7 13.a5 Rbc8 14.Be3 Qb8 15.Rfd1 Ne8
16.Na4 Nb4 17.c3 Bb5 18.Qf2 Bxa4 19.Rxa4 Nc6 20.Bf3 Bd8 21.g4 Bc7 22.g5 Rd8
23.Kh1 f6 24.Bg4 Qc8 25.Qh4 Ne7 26.Nd4 f5 27.exf5 exf5 28.Bf3 d5 29.c4 Qd7
30.b3 dxc4 31.Rxc4 Bxa5 32.Qf2 Nd6 33.Rcc1 Kh8 34.Qa2 Bb6 35.b4 Ng6 36.Qd2 Nh4
37.Bd5 Ne4 38.Bxe4 fxe4 39.Qf2 Qg4 40.Qg3 Qxg3 41.hxg3 Bxd4 42.Bxd4 Nf5 43.Be5 Nxg3+
44.Kg2 Nf5 45.Rxd8 Rxd8 46.Rc7 Kg8 47.Rxb7 Rd2+ 48.Kf1 e3 49.Ke1 Ra2 50.b5 axb5
51.Rxb5 Kf7 52.Bc3 Kg6 53.Re5 Ra4 54.Re6+ Kf7 55.Rb6 Rxf4  0-1

[Event "TCh-NED 2008-9"]
[Site "Netherlands NED"]
[Date "2008.12.13"]
[Round "4"]
[White "Middelburg,T"]
[Black "Hoolt,S"]
[Result "0-1"]
[WhiteElo "2388"]
[BlackElo "2298"]

1.e4 c5 2.Nf3 e6 3.d4 cxd4 4.Nxd4 Nc6 5.Nc3 Qc7 6.g3 a6 7.Bg2 Nf6 8.O-O d6
9.Re1 Bd7 10.Nb3 Be7 11.a4 O-O 12.g4 Be8 13.g5 Nd7 14.f4 f6 15.h4 Nc5 16.Bh3 Bf7
17.f5 Nxb3 18.cxb3 d5 19.Kg2 exf5 20.Nxd5 Bxd5 21.exd5 fxg5 22.dxc6 g4 23.Qd5+ Kh8
24.Qd7 Qxd7 25.cxd7 Bxh4 26.Rh1 Bf6 27.Bf4 Rad8 28.Rad1 Rf7 29.Rhe1 gxh3+
30.Kxh3 h6 31.Re8+ Kh7 32.Rxd8 Bxd8 33.b4 Re7 34.a5 Kg6 35.Rd5 Kf6 36.Bb8 g5
37.Kg3 h5 38.Kf3 h4 39.Rd6+ Re6 40.Rd5 g4+ 41.Kf2 Rc6 42.Rd2 Ke6 43.Bf4 Kf7
44.Kg2 Rg6 45.Re2 Re6 46.Rd2 Re4 47.Bd6 f4 48.Bc5 f3+ 49.Kf2 Re2+ 50.Rxe2 fxe2  0-1

[Event "TCh-NED 2008-9"]
[Site "Netherlands NED"]
[Date "2008.12.13"]
[Round "4"]
[White "Pruijssers,R"]
[Black "Swinkels,R"]
[Result "0-1"]
[WhiteElo "2452"]
[BlackElo "2459"]

1.e4 c5 2.Nf3 e6 3.d4 cxd4 4.Nxd4 Nc6 5.Nc3 Qc7 6.Be3 a6 7.Qd2 Nf6 8.O-O-O Bb4
9.f3 O-O 10.g4 b5 11.g5 Ne8 12.a3 Be7 13.Qf2 b4 14.axb4 Bxb4 15.Na4 Na5 16.h4 d5
17.exd5 exd5 18.Ne2 Nc4 19.Nf4 Qa5 20.b3 Ba3+ 21.Kb1 Rb8 22.Ka2 Nc7 23.Nxd5 Nxe3
24.Nxe3 Bc5 25.Qe1 Bb4 26.Qg3 Be6 27.Bc4 Nb5 28.Bxe6 Nc3+ 29.Ka1 Nxa4 30.Nc4 Bc3+
31.Ka2 Qb4 32.Bd5 Rb5 33.Qc7 Nb6 34.Bxf7+ Rxf7 35.Rd8+ Rf8 36.Rxf8+ Kxf8
37.Qd8+ Kf7 38.Qc7+ Kg8 39.Qd8+ Qf8 40.Rd1 Nxc4 41.bxc4 Rb2+  0-1

[Event "Bundesliga 2008-9"]
[Site "Wattenscheid GER"]
[Date "2008.12.13"]
[Round "8"]
[White "Parligras,M"]
[Black "Stellwagen,D"]
[Result "0-1"]
[WhiteElo "2611"]
[BlackElo "2605"]

1.e4 c5 2.Nf3 e6 3.d4 cxd4 4.Nxd4 Nc6 5.Nc3 Qc7 6.Be3 a6 7.Qd2 Nf6 8.O-O-O Bb4
9.f3 Ne5 10.Nb3 b5 11.Qe1 Rb8 12.Qg3 Nh5 13.Qg5 g6 14.Bd4 f6 15.Qe3 Be7 16.g4 Nf4
17.Ne2 Nxe2+ 18.Bxe2 O-O 19.Kb1 a5 20.f4 Nc4 21.Qg3 Bb7 22.Bd3 a4 23.Nc1 a3
24.b3 Nb2 25.Rdf1 Rbc8 26.Ne2 Nxd3 27.Qxd3 b4 28.Rc1 e5 29.Be3 Qc6 30.Ng3 Rfd8
31.Rhd1 d5 32.exd5 Qc7 33.fxe5 Rxd5 34.Qc4 Qxe5 35.Bd4 Rxc4 36.Bxe5 Rxg4
37.Bc7 h5 38.Rxd5 Bxd5 39.Rd1 Bc6 40.Kc1 f5 41.h3 Rh4  0-1

[Event "GiTelecom Finals"]
[Site "ICC INT"]
[Date "2008.12.14"]
[Round "1.5"]
[White "Azarov,S"]
[Black "Kovalyov,A"]
[Result "1-0"]
[WhiteElo "2613"]
[BlackElo "2571"]

1.e4 c5 2.Nf3 e6 3.d4 cxd4 4.Nxd4 Nc6 5.Nc3 a6 6.Be2 Nge7 7.O-O b5 8.Bg5 Nxd4
9.Qxd4 Nc6 10.Qd2 Be7 11.Bxe7 Qxe7 12.Rad1 O-O 13.Bf3 Ne5 14.Be2 Rd8 15.f4 Nc6
16.e5 Qb4 17.Bf3 Bb7 18.Ne4 d5 19.exd6 Qxd2 20.Rxd2 Nb4 21.c3 Nd5 22.Nc5 Bc6
23.Bxd5 Bxd5 24.d7 Kf8 25.Re1 Ra7 26.f5 g6 27.fxe6 fxe6 28.b4 Kf7 29.h3 a5
30.a3 axb4 31.axb4 Ra3 32.Rd3 Bc4 33.Rde3 Ra7 34.Re4 Ke7 35.Nxe6 Bxe6 36.Rxe6+ Kf7
37.Re7+ Kf6 38.Rxh7 Raxd7 39.Rxd7 Rxd7 40.Rf1+ Ke6 41.Rf4 Rc7 42.Rf3 Kd5
43.Rg3 Rc6 44.Kh2 Kc4 45.h4 Kb3 46.Rg5 Ka4 47.Rc5 Rd6 48.g4 Rd3 49.h5 gxh5
50.gxh5 Re3 51.h6 Re6 52.Rh5 Re8 53.h7 Rh8 54.Rh3 Kb3 55.Kg2 Kc4 56.Kf2 Kd5
57.Ke3 Re8+ 58.Kd3 Rh8 59.Rh5+ Kc6 60.Kd4 Rd8+ 61.Ke5 Rh8 62.Kf6 Kd6 63.Kg7 Rc8
64.h8=Q Rxh8 65.Kxh8 Kc6 66.Kg7 Kb6 67.Kf6 Kc6 68.Ke6 Kb6 69.Rc5  1-0

[Event "GiTelecom Finals"]
[Site "ICC INT"]
[Date "2008.12.14"]
[Round "1.1"]
[White "Azarov,S"]
[Black "Kovalyov,A"]
[Result "1-0"]
[WhiteElo "2613"]
[BlackElo "2571"]

1.e4 c5 2.Nf3 e6 3.d4 cxd4 4.Nxd4 Nc6 5.Nc3 a6 6.Be2 Nge7 7.Nf3 Ng6 8.O-O Be7
9.Bd3 Qc7 10.Re1 O-O 11.e5 Ncxe5 12.Nxe5 Nxe5 13.Bf4 d6 14.Be4 Ng6 15.Bxg6 hxg6
16.Qd2 Rd8 17.Rad1 b5 18.Bg5 Bb7 19.Bxe7 Qxe7 20.f3 Rac8 21.Ne4 Bxe4 22.Rxe4 d5
23.Re2 Qc5+ 24.Kh1 b4 25.Qe1 a5 26.h3 Qc6 27.Rd4 Qc5 28.Rd3 Qe7 29.Qf2 Qf6
30.b3 Rc3 31.Rdd2 Rdc8 32.Qb6 Qd8 33.Qd4 Qc7 34.Qf2 Qc5 35.Qe1 a4 36.bxa4 Ra8
37.Re5 Rxa4 38.Rdxd5 exd5 39.Re8+ Qf8 40.Qe7 Qxe8 41.Qxe8+  1-0

[Event "GiTelecom Finals"]
[Site "ICC INT"]
[Date "2008.12.14"]
[Round "1.3"]
[White "Azarov,S"]
[Black "Kovalyov,A"]
[Result "1-0"]
[WhiteElo "2613"]
[BlackElo "2571"]

1.e4 c5 2.Nf3 e6 3.d4 cxd4 4.Nxd4 Nc6 5.Nc3 a6 6.Be3 Nf6 7.Be2 Bb4 8.Bf3 Ne5
9.O-O O-O 10.Bg5 h6 11.Bh4 Be7 12.Bg3 d6 13.Be2 d5 14.Bxe5  1-0

[Event "GiTelecom Finals"]
[Site "ICC INT"]
[Date "2008.12.14"]
[Round "1.7"]
[White "Azarov,S"]
[Black "Kovalyov,A"]
[Result "0-1"]
[WhiteElo "2613"]
[BlackElo "2571"]

1.e4 c5 2.Nf3 e6 3.d4 cxd4 4.Nxd4 Nc6 5.Nc3 a6 6.Be2 Nge7 7.O-O Nxd4 8.Qxd4 Nc6
9.Qd3 Be7 10.Bf4 b5 11.Rad1 Bb7 12.Qg3 O-O 13.e5 f5 14.Bh6 g6 15.Bxf8 Bxf8
16.Qe3 Qc7 17.Bf3 Bg7 18.Bxc6 Bxc6 19.Rfe1 b4 20.Ne2 Bxe5 21.Nd4 Bxh2+ 22.Kh1 Bf4
23.Qh3 Bd5 24.Kg1 Be5 25.Qe3 Bf6 26.Ne2 Qe5 27.Qd2 Qxb2 28.Rb1 Qxa2 29.Nd4 a5
30.Nb5 Qc4 31.Nd6 Qc6 32.Qf4 Be7 33.Nxf5 gxf5 34.Qg3+ Kf7 35.Qh3 Rg8 36.Qxh7+ Kf8
37.Qh6+ Ke8 38.Qh5+ Kd8 39.g3 Bf6 40.Qf7 Bd4 41.Qxg8+ Kc7 42.Qg5 Qc5 43.Qf4+ e5
44.Qxf5 Be6 45.Qf3 Bd5 46.Qf5 d6 47.Rbd1 Kb6 48.Rxd4 Qxd4 49.Qd7 Bc6 50.Qd8+ Kb5
51.Qb8+ Qb6 52.Qf8 Qc5  0-1

[Event "GiTelecom Finals"]
[Site "ICC INT"]
[Date "2008.12.14"]
[Round "2.3"]
[White "Vovk,Y"]
[Black "Kovalyov,A"]
[Result "1-0"]
[WhiteElo "2549"]
[BlackElo "2571"]

1.e4 c5 2.Nf3 e6 3.d4 cxd4 4.Nxd4 Nc6 5.Nc3 a6 6.Nxc6 bxc6 7.Bd3 d5 8.O-O Nf6
9.Qe2 Be7 10.b3 O-O 11.Bb2 Bb7 12.Rad1 Qc7 13.Na4 c5 14.exd5 exd5 15.Be5 Qc6
16.Qf3 Rfe8 17.Rfe1 h6 18.Qf5 Bc8 19.Qf4 Be6 20.Bf5 Bxf5 21.Qxf5 Rad8 22.h3 g6
23.Qf4 h5 24.Nc3 d4 25.Bxf6 Bxf6 26.Ne4 Bg7 27.Nd2 Re6 28.Nc4 Rde8 29.Qd2 Kh7
30.Rxe6 Qxe6 31.Qd3 Qe2 32.Nd6 Qxd3 33.cxd3 Re2 34.Nxf7 Rxa2 35.Ng5+ Kh6
36.Ne6 Rc2 37.Ra1 Be5 38.f4 Bf6 39.Rxa6 Bh4 40.Kh2 Bf2 41.Nf8 Kg7 42.Ne6+ Kh6
43.h4 Bxh4 44.Nf8 Kg7 45.Nxg6 Bf6 46.f5 Rc3 47.Ra7+ Kh6 48.Rf7 Kg5 49.Nf8 Rxd3
50.Nh7+ Kxf5 51.Rxf6+ Ke5 52.Rb6 Rc3 53.Ng5 d3 54.Nf3+ Ke4 55.Re6+ Kd5 56.Rb6 Ke4
57.Kg1 Rc1+ 58.Kf2 Rc2+ 59.Kf1 Ke3 60.Re6+ Kf4 61.Rf6+ Ke3 62.Re6+ Kf4 63.Rd6 Ke3
64.Kg1 Rc1+ 65.Kh2 Rc2 66.Ne1 d2 67.Nxc2+ Ke2 68.b4 Kf1 69.Rxd2  1-0

[Event "GiTelecom Finals"]
[Site "ICC INT"]
[Date "2008.12.14"]
[Round "2.5"]
[White "Vovk,Y"]
[Black "Kovalyov,A"]
[Result "1-0"]
[WhiteElo "2549"]
[BlackElo "2571"]

1.e4 c5 2.Nf3 e6 3.d4 cxd4 4.Nxd4 Nc6 5.Nc3 a6 6.Be3 Nf6 7.Be2 Bb4 8.Nxc6 bxc6
9.Qd3 d5 10.O-O O-O 11.exd5 cxd5 12.a3 Bd6 13.Bf3 Qc7 14.g3 Bb7 15.Bg2 Be5
16.Bd4 Bxd4 17.Qxd4 e5 18.Qd2 d4 19.Nd1 Bxg2 20.Kxg2 Rac8 21.c3 Rfd8 22.cxd4 exd4
23.Re1 Qb7+ 24.f3 Ng4 25.Rc1 Rxc1 26.Qxc1 f6 27.Qc4+ Kh8 28.Qe6 Ne5 29.Re4 h6
30.b4 Nc4 31.Qxc4 d3 32.Rd4  1-0

[Event "XXI Carlos Torre"]
[Site "Merida MEX"]
[Date "2008.12.14"]
[Round "2"]
[White "Aguirre Manzo,L"]
[Black "Lujan,C"]
[Result "1-0"]
[WhiteElo "2140"]
[BlackElo "2366"]

1.e4 c5 2.Nf3 Nc6 3.Nc3 e6 4.d4 cxd4 5.Nxd4 Qc7 6.Nb3 a6 7.Bd3 Bd6 8.Qg4 Be5
9.f4 Nf6 10.Qh4 Bxc3+ 11.bxc3 d6 12.O-O b6 13.Qg3 Nh5 14.Qh4 Nf6 15.Qg3 Nh5
16.Qg5 g6 17.f5 e5 18.g4 Nf4 19.Bxf4 exf4 20.Nd4 Ne5 21.Nf3 Qxc3 22.Qxf4 Ra7
23.Nxe5 dxe5 24.Qe3 Rc7 25.Qxb6 Rc6 26.Qf2 gxf5 27.gxf5 h5 28.Kh1 h4 29.Rab1 h3
30.Rg1 Rf6 31.Rb8 Qc7 32.Ra8 Qb7 33.Qa7 Qxa7 34.Rxa7 Rb6 35.Bc4 Rf8 36.Bd5 Rb2
37.Bc6+  1-0

[Event "III Open"]
[Site "Palma de Mallorca ESP"]
[Date "2008.12.14"]
[Round "9"]
[White "Libiszewski,F"]
[Black "Pogorelov,R"]
[Result "1-0"]
[WhiteElo "2487"]
[BlackElo "2441"]

1.e4 c5 2.Nf3 e6 3.d4 cxd4 4.Nxd4 Nc6 5.Nc3 Qc7 6.Be2 a6 7.O-O Nf6 8.Kh1 Be7
9.f4 d6 10.Nxc6 bxc6 11.Qd3 O-O 12.b3 d5 13.Bb2 Bb7 14.Rae1 Rad8 15.e5 Nd7
16.Qh3 c5 17.Bg4 g6 18.Ne2 Qc6 19.Ng3 Rfe8 20.f5 exf5 21.Nxf5 Bf8 22.Nh6+ Bxh6
23.Qxh6 d4 24.Bf3 Qc7 25.Bxb7 Qxb7 26.Rxf7 Kxf7 27.Qxh7+ Ke6 28.Qxg6+ Ke7
29.Bc1 Qb4 30.Bg5+ Nf6 31.exf6+ Kd7 32.Qf7+ Kc6 33.Rxe8  1-0